| 000 | 00552nam a2200193Ia 4500 | ||
|---|---|---|---|
| 003 | IN-BaIIA | ||
| 008 | 211028s9999 xx 000 0 eng d | ||
| 020 | _a0-13-170183-5 | ||
| 040 | _cIIA Library | ||
| 080 |
_a535 _bNUS |
||
| 100 |
_aNussbaum, Allen _910862 |
||
| 245 | 0 |
_aContemporary Optics for Scientists and Engineers _cAllen Nussbaum and Richard A. Phillips. |
|
| 260 |
_aEnglewood Cliffs _bPrentice-Hall _c1976 |
||
| 300 | _axii,511p. | ||
| 650 | _aNASA Thesaurus | ||
| 650 | _aOptics | ||
| 700 |
_aPhillips, Richard A. _910863 |
||
| 942 | _cBK | ||
| 999 |
_c6331 _d6331 |
||